| 000 | 01131nam a2200229Ia 4500 | ||
|---|---|---|---|
| 003 | Ost | ||
| 005 | 20260507074848.0 | ||
| 008 | 260507s9999||||xx |||||||||||||| ||und|| | ||
| 020 | _a9789931606857 | ||
| 040 | _cfsecg | ||
| 041 | _aara | ||
| 082 | _a531.6 | ||
| 100 |
_aمطالس، عبد القادر _eمؤلف |
||
| 245 | 0 |
_aأثر التغيرات المناخية على الأسواق العالمية للطاقة / _c عبد القادر مطالس |
|
| 260 |
_aتلمسان : _bالمكتب الجامعي الحديث, _c2017 |
||
| 300 |
_a250 صفحة؛ _bإيضاحات ؛ _c24 سم |
||
| 520 | _aيضم أسباب ومخاطر مشكلة التغيرات المناخية على المجتمع البشري، الخارطة العالمية للطاقة وخصائص ومميزات الأسواق العالمية للطاقة، مستقبل الطاقة وبدائلها في ظل مشكلة التغيرات المناخية، توقعات الطلب على الطاقة أفاق 2030. | ||
| 653 | _aالطاقة | ||
| 653 | _aالطاقة- الأسواق | ||
| 653 | _aالمناخ | ||
| 942 | _cكتاب | ||
| 999 |
_c41545 _d41545 |
||